Catalog

Record Details

Catalog Search



Available copies

  • 2 of 4 copies available at LARL/NWRL Consortium.
  • 2 of 3 copies available at Northwest Regional Library. (Show)

Current holds

0 current holds with 4 total copies.

Show Only Available Copies
Location Call Number / Copy Notes Barcode Shelving Location Status Due Date
Karlstad LINK Site e WIE (Text) 35500004946172 Main Checked out 07/22/2026
Red Lake Falls Public Library e WIE (Text) 35500001321718 Main Available -
Thief River Falls Public Library e WIE (Text) 35500001412384 Main Available -
Moorhead Public Library E W (Text) 33500012477121 Main Checked out 07/20/2026

Record details

  • ISBN: 9780395551134
  • ISBN: 0395551137 :
  • Physical Description: 1 v. : col. ill. ; 24 x 28 cm.
  • Publisher: New York : Clarion Books, c1991.

Content descriptions

Summary, etc.:
Frogs rise on their lily pads, float through the ... Read More
Subject: Frogs > Fiction.
LDR 01048cam a2200253Ia 4500
0019925
003LARL_NWRL_CONSORTIUM
00519920131083052.0
008900515s1991 nyua j 000 1 eng
010 . ‡a90039358 /AC
020 . ‡a9780395551134
020 . ‡a0395551137 : ‡c$15.95
035 . ‡a(OCoLC)21970322
040 . ‡aDLC ‡cDLC
08200. ‡a[E] ‡220
099 . ‡aW
1001 . ‡aWiesner, David. ‡0(LARL_NWRL_CONSORTIUM)60374
24510. ‡aTuesday / ‡cDavid Wiesner.
260 . ‡aNew York : ‡bClarion Books, ‡cc1991.
300 . ‡a1 v. : ‡bcol. ill. ; ‡c24 x 28 cm.
520 . ‡aFrogs rise on their lily pads, float through the air, and explore the nearby houses while their inhabitants sleep.
650 1. ‡aFrogs ‡vFiction.
901 . ‡a9925 ‡bOCLC ‡c9925 ‡tbiblio

Additional Resources